Pracovné listy k učebnici Náuka o spoločnosti pre 7. ročník OŠ Občianska náuka

Bibliographic Details
Main Authors: Rusňáková, Jana (Author), Sedláček, Bohumil, 1914-2006 (Author)
Other Authors: Gúčik, Milan (Translator)
Format: Book
Language:Slovak
PhysicalDescription:17 s., 1,06 AH 29 cm
Published: Bratislava Slovenské pedagogické nakladateľstvo 1989
Edition:2. vyd.

MARC

LEADER 00000nam a2200000 a 4500
001 vtls001081856
003 SK-MaSNL
005 20260302030823.0
008 250414s1989 xo 0 slo
015 |a SNBA1989/08 
035 |a SNK000024694 
040 |a SNK  |b slo  |c SNK  |e AACR2 
041 0 |a slo 
044 |a xo  |c SK 
080 |a 372.832:376.4(076.5)  |2 1981 
080 |a 376.4(076.5)  |2 1981 
100 1 |a Rusňáková, Jana  |4 aut  |9 358874 
245 1 0 |a Pracovné listy k učebnici Náuka o spoločnosti pre 7. ročník OŠ  |b Občianska náuka  |c Jana Rusňáková, Bohumil Sedláček ; Milan Gúčik, Miloš Kašpárek, Vladimír Hájek 
250 |a 2. vyd. 
260 |a Bratislava  |b Slovenské pedagogické nakladateľstvo  |c 1989  |e Nitra  |f Nitrianske tlačiarne 
300 |a 17 s., 1,06 AH  |c 29 cm 
366 |e 10000 výtl. 
500 |a Schválilo MŠ SSR. Voľné listy v prebale. 
700 1 |a Sedláček, Bohumil,  |d 1914-2006  |4 aut  |9 211626 
700 1 |a Gúčik, Milan  |4 trl  |9 346228 
700 1 |a Kašpárek, Miloš  |4 bkd  |9 279864 
700 1 |a Hájek, Vladimír,  |d 1926-1994  |4 bkd  |9 203249 
852 |a Slovenská národná knižnica 
958 |a OND 
958 |a CZ 
958 |a UX 
958 |a TL 
958 |a OP 
999 |c 1049304  |d 1051234 
952 |a SNK  |b SNK  |y PREZ  |7 0  |p 17A0852322  |o snkSB 45312   |0 0  |1 0  |4 0  |d 2012-07-06  |l 0  |r 2026-02-24 14:52:38  |w 2026-02-24 
952 |t P60, <04>, [BOOK], {604}  |a SNK  |b SNK  |y VYP  |7 0  |p 17A0150452  |o snkSB 45312 D1  |0 0  |1 0  |4 0  |d 1998-08-10  |l 0  |r 2004-12-31 00:00:00  |w 2026-02-24